000 00311nam a22001457a 4500
003 SGT
082 _a340.1,PON
100 _aPOSNER,.A
245 _aTHE PROBLEMS OF JURISPRUDENCE
250 _a1ST
260 _aNEW DELHI
_bUNIVERSAL BOOK
_c2010
300 _a485
650 _aJURISPRUDENCE
942 _2ddc
_cBK
999 _c9935
_d9935